Cez reprivatizáciu a privatizáciu k radikálnej ekonomickej reforme.

Nutnosť novelizovať právne a ekonomické podmienky pre rovnosť všetkých foriem vlastníctva a podnikania v poľnohospodárstve. Privatizácia roľníckych družstiev na princípoch podielníctva. Štátne subvencie pre agropodnikateľov. Pomoc procesu reprivatizácie výrobou malej a strednej mechanizácie.

Guardado en:
Detalles Bibliográficos
Autor principal: Harmaniak, Ľ.
Formato: Capítulo de libro
Lenguaje:eslovaco
Materias:
Etiquetas: Agregar Etiqueta
Sin Etiquetas, Sea el primero en etiquetar este registro!

MARC

LEADER 00000naa a2200000 4500
001 r001802
005 20221125065430.1
041 0 |a slo 
044 |a [CS] 
245 1 0 |a Cez reprivatizáciu a privatizáciu k radikálnej ekonomickej reforme.  |c Ľ. Harmaniak 
520 |a Nutnosť novelizovať právne a ekonomické podmienky pre rovnosť všetkých foriem vlastníctva a podnikania v poľnohospodárstve. Privatizácia roľníckych družstiev na princípoch podielníctva. Štátne subvencie pre agropodnikateľov. Pomoc procesu reprivatizácie výrobou malej a strednej mechanizácie. 
610 2 0 |a privatizácia 
610 2 0 |a reformy hospodárske 
610 2 0 |a poľnohospodárstvo 
610 2 0 |a mechanizácia 
610 2 0 |a vlastníctvo družstevné 
610 2 0 |a vlastníctvo štátne 
610 2 0 |a vlastníctvo súkromné 
610 2 0 |a ČSFR 
610 2 0 |a subvencie 
610 2 0 |a reprivatizácia 
610 2 0 |a podnikanie 
100 1 |a Harmaniak, Ľ.